000 00243nam a2200097Ia 4500
001 807742
005 20250826171237.0
008 250824s9999 xx 000 0 und d
245 0 _aKABENİN HAKİKATİ
_cCEMALNUR SARGUT
260 _bNEFES YAYINLARI
999 _c807742
_d807742